000 00664nam a2200241Ia 4500
003 OSt
005 20221007073655.0
006 a|||||r|||| 00| 0
007 ta
008 221006b |||||||| |||| 00| 0 eng d
024 _a3,202
037 _cTextual
040 _aFLL
_cFLL
_beng
041 _2eng
_aeng
082 _aZ2,805, 2001
100 _aPillai K.N.Chandrasekharan
245 0 _aR.V.Kelkar's criminal procedure
250 _a4th
260 _aLucknow
_bEastern book company India
_c2001
650 _aCriminal procedure
_9681582
942 _hZ2,805, 2001
_cTEXL
_2CC
999 _c1149492
_d1149492